LEADER 02292nam2 22004093i 450 001 NAP0374457 005 20251003044248.0 010 $a9788820706296 100 $a20070903d2006 ||||0itac50 ba 101 | $aita 102 $ait 181 1$6z01$ai $bxxxe 182 1$6z01$an 183 1$6z01$anc$2RDAcarrier 200 1 $aˆVol. 1: ‰Esercizi sul calcolo degli elementi strutturali in c.a., in c.a.p. ed in acciaio$fGuido Sarà 205 $a6. ed. aggiornata 210 $aNapoli$cLiguori$d2006 215 $a473 p.$d24 cm 300 $aSegue: Appendice. 461 1$1001BVE0035156$12001 $aEsercizi di teoria e tecnica delle costruzioni$fGuido Sarà, Pasquale Narducci$v1 606 $aStrutture edilizie$xProgettazione$2FIR$3CFIC020413$9E 606 $aCostruzioni in cemento armato precompresso$xProgettazione$2FIR$3NAPC311660$9I 606 $aCostruzioni in cemento armato$xProgettazione$2FIR$3SBLC050690$9I 676 $a624.1076$9INGEGNERIA STRUTTURALE E TECNICA DELLE COSTRUZIONI SOTTERRANEE. Prontuari ed esercizi$v14 676 $a624.17076$9Tecnica delle costruzioni. Teoria delle strutture. Prontuari ed esercizi$v22 696 $aCostruzioni in calcestruzzo armato precompresso 696 $aCostruzioni in calcestruzzo armato 699 $aCostruzioni in cemento armato precompresso$yCostruzioni in calcestruzzo armato precompresso 699 $aCostruzioni in cemento armato$yCostruzioni in calcestruzzo armato 700 1$aSarà$b, Guido$3CFIV009008$4070$0293450 801 3$aIT$bIT-000000$c20070903 850 $aIT-BN0095 912 $aNAP0374457 950 2$aBiblioteca Centralizzata di Ateneo$cv. 1-2 in tre copie$d 01SALA DING 624.076 SAR.es$e 0102 0000102995 VMA A4(0001 6. ed. v. 1 (10. rist. 2015)$fY $h20181025$i20181026$cv. 1-2 in tre copie$d 01SALA DING 624.076 SAR.es$e 0102 0000103445 VMA A4(0001 bis 6. ed. 1 v. (10. rist. 2015;2. copia)$fY $h20181128$i20181128$cv. 1-2 in tre copie$d 01SALA DING 624.076 SAR.es$e 0102 0000103455 VMA A4(0001 ter 6. ed. 1 v. (10. rist. 2015;3. copia)$fY $h20181128$i20181128 977 $a 01 996 $aEsercizi sul calcolo degli elementi strutturali in c.a., in c.a.p. ed in acciaio$91403311 997 $aUNISANNIO